<?xml version="1.0" encoding="UTF-8"?>
<collection xmlns="http://www.loc.gov/MARC21/slim">
  <record>
    <leader>00000nam  2200000   4500</leader>
    <controlfield tag="001">INLIS000000000016070</controlfield>
    <controlfield tag="005">20231024112939</controlfield>
    <datafield tag="035" ind1="#" ind2="#">
      <subfield code="a">0010-1023000152</subfield>
    </datafield>
    <controlfield tag="007">ta</controlfield>
    <controlfield tag="008">231024################g##########1#ind##</controlfield>
    <datafield tag="020" ind1="#" ind2="#">
      <subfield code="a">978-602-53848-2-0</subfield>
    </datafield>
    <datafield tag="082" ind1="#" ind2="#">
      <subfield code="a">811</subfield>
    </datafield>
    <datafield tag="084" ind1="#" ind2="#">
      <subfield code="a">811 DED k</subfield>
    </datafield>
    <datafield tag="100" ind1=" " ind2="#">
      <subfield code="a">Dedi Tarhedi</subfield>
    </datafield>
    <datafield tag="245" ind1="1" ind2="#">
      <subfield code="a">Kereta Nisan :</subfield>
      <subfield code="b">kumpulan puisi Dedi Tarhedi /</subfield>
      <subfield code="c">Dedi Tarhedi</subfield>
    </datafield>
    <datafield tag="250" ind1="#" ind2="#">
      <subfield code="a">1</subfield>
    </datafield>
    <datafield tag="260" ind1="#" ind2="#">
      <subfield code="a">Tasikmalaya :</subfield>
      <subfield code="b">Langgam Pustaka,</subfield>
      <subfield code="c">2019</subfield>
    </datafield>
    <datafield tag="300" ind1="#" ind2="#">
      <subfield code="a">vii, 72 hal. ;</subfield>
      <subfield code="c">21 cm</subfield>
    </datafield>
    <datafield tag="650" ind1="#" ind2="4">
      <subfield code="a">puisi</subfield>
    </datafield>
    <datafield tag="520" ind1="#" ind2="#">
      <subfield code="a">Puisi yang baru dilahirkan, secara ideal masih harus dierami dalam beberapa waktu dan kesempatan. Diendapkan, dibongkar-pasang gereget. Diperika bunyi, diksi, metafora, irama, dst. Selanjutnya puisi tersebut akan menjadi karya yang bisa dinikmati. Walau sering kali, "rasa" dari sebuah puisi pun begitu bergantung pada "frame of referance", latar belakang dan selera pembaca/pemerhatinya.</subfield>
    </datafield>
    <datafield tag="856" ind1="#" ind2="#">
      <subfield code="a">Perpustakaan LAN Pusat</subfield>
    </datafield>
    <datafield tag="990" ind1="#" ind2="#">
      <subfield code="a">231019822</subfield>
    </datafield>
  </record>
</collection>
